[Event "Oberfranken-ch"]
[Site "Schney"]
[Date "2020.01.05"]
[Round "5"]
[White "Orendt, Robert"]
[Black "Pfann, Elias"]
[Result "1/2-1/2"]
[WhiteElo "1647"]
[BlackElo "1575"]
[PlyCount "39"]
[EventDate "2020.01.03"]
[EventType "swiss"]
[EventRounds "7"]
[EventCountry "GER"]
[SourceTitle "CBM 194 Extra"]
[Source "ChessBase"]
[SourceDate "2020.03.31"]
[SourceVersion "1"]
[SourceVersionDate "2020.03.31"]
[SourceQuality "1"]

1. d4 Nf6 2. c4 e5 3. dxe5 Ng4 4. Bf4 Nc6 5. Nf3 Bb4+ 6. Nbd2 Qe7 7. e3 Ngxe5 8. Be2 0-0 9. 0-0 d6 10. Nb3 Bg4 11. Nxe5 dxe5 12. Bxg4 exf4 13. exf4 Qf6 14. g3 Qxb2 15. Qd7 Bd6 16. Bf3 Rad8 17. Qg4 Qf6 18. Bxc6 bxc6 19. c5 Be7 20. Qe2 1/2-1/2

[Event "Oberfranken-ch"]
[Site "Schney"]
[Date "2020.01.03"]
[Round "1"]
[White "Guether, Jens"]
[Black "Pfann, Elias"]
[Result "1-0"]
[WhiteElo "1938"]
[BlackElo "1575"]
[PlyCount "71"]
[EventDate "2020.01.03"]
[EventType "swiss"]
[EventRounds "7"]
[EventCountry "GER"]
[SourceTitle "CBM 194 Extra"]
[Source "ChessBase"]
[SourceDate "2020.03.31"]
[SourceVersion "1"]
[SourceVersionDate "2020.03.31"]
[SourceQuality "1"]

1. e4 e5 2. Nf3 Nc6 3. Bc4 Bc5 4. 0-0 Nf6 5. d3 h6 6. Be3 Bb6 7. c3 d6 8. b4 Be6 9. Bb5 Qe7 10. Nbd2 Ng4 11. Bxb6 axb6 12. h3 Nf6 13. d4 Bd7 14. d5 Na7 15. Bd3 0-0 16. a4 c6 17. c4 b5 18. axb5 cxb5 19. c5 Rfb8 20. Qe2 dxc5 21. bxc5 Qxc5 22. Nxe5 Nc8 23. Rac1 Qe7 24. Nxd7 Nxd7 25. Bxb5 Nc5 26. Qe3 b6 27. e5 f6 28. f4 Nd6 29. Bc6 Ra2 30. Ra1 Rc2 31. g4 Nc4 32. Nxc4 Rxc4 33. d6 Qf7 34. e6 Qxe6 35. Qxe6+ Nxe6 36. Bd5 1-0

[Event "Oberfranken-ch"]
[Site "Schney"]
[Date "2020.01.03"]
[Round "2"]
[White "Pfann, Elias"]
[Black "Zerr, Benjamin"]
[Result "0-1"]
[WhiteElo "1575"]
[BlackElo "1710"]
[PlyCount "78"]
[EventDate "2020.01.03"]
[EventType "swiss"]
[EventRounds "7"]
[EventCountry "GER"]
[SourceTitle "CBM 194 Extra"]
[Source "ChessBase"]
[SourceDate "2020.03.31"]
[SourceVersion "1"]
[SourceVersionDate "2020.03.31"]
[SourceQuality "1"]

1. b4 c6 2. Bb2 Qb6 3. a3 a5 4. c3 d5 5. e3 e5 6. d4 e4 7. Nd2 Nf6 8. Nb3 axb4 9. axb4 Rxa1 10. Bxa1 Bd6 11. Ne2 Bg4 12. h3 Bh5 13. g4 Bg6 14. Ng3 Qc7 15. g5 Nfd7 16. Nh5 0-0 17. Nc5 Bf5 18. c4 b6 19. Nb3 Bxb4+ 20. Nd2 Rc8 21. h4 Nf8 22. Bh3 Bxh3 23. Rxh3 b5 24. c5 Qa5 25. Bb2 Nbd7 26. Bc1 Ra8 27. Qg4 Qa1 28. Qd1 Ra2 29. f4 Bc3 30. Rh1 b4 31. Kf2 b3 32. Kg3 b2 33. Bxb2 Qxb2 34. f5 Qxd2 35. Qxd2 Bxd2 36. Kf4 Ba5 37. Ng3 Rg2 38. Nxe4 dxe4 39. Kxe4 Bc7 0-1

[Event "Landesliga U20 Nord 1718"]
[Site "Bayern"]
[Date "2018.03.10"]
[Round "7.2"]
[White "Pfann, Elias"]
[Black "Kobras, Manuel"]
[Result "1/2-1/2"]
[WhiteElo "1504"]
[BlackElo "1431"]
[PlyCount "34"]
[EventDate "2017.11.18"]
[EventType "team-tourn"]
[EventRounds "7"]
[EventCountry "GER"]
[SourceTitle "EXT 2022"]
[Source "ChessBase"]
[SourceDate "2021.10.06"]
[SourceVersion "1"]
[SourceVersionDate "2021.10.06"]
[SourceQuality "1"]
[WhiteTeam "Hoechstadt SC U20"]
[BlackTeam "Allersberger SC U20"]
[WhiteTeamCountry "GER"]
[BlackTeamCountry "GER"]

1. e4 d5 2. exd5 Nf6 3. g3 Nxd5 4. Bg2 e6 5. d4 c5 6. Ne2 Nc6 7. c4 Nb6 8. d5 exd5 9. cxd5 Ne5 10. 0-0 Bd6 11. Be3 Nbc4 12. Qb3 Qb6 13. Qxb6 Nxb6 14. Bf4 0-0 15. Nbc3 Re8 16. Rfe1 Bf5 17. Nb5 Rad8 1/2-1/2

[Event "Landesliga U20 Nord 1718"]
[Site "Bayern"]
[Date "2018.03.10"]
[Round "6.2"]
[White "Pfann, Elias"]
[Black "Schilay, Eva"]
[Result "1-0"]
[WhiteElo "1504"]
[BlackElo "1557"]
[PlyCount "79"]
[EventDate "2017.11.18"]
[EventType "team-tourn"]
[EventRounds "7"]
[EventCountry "GER"]
[SourceTitle "EXT 2022"]
[Source "ChessBase"]
[SourceDate "2021.10.06"]
[SourceVersion "1"]
[SourceVersionDate "2021.10.06"]
[SourceQuality "1"]
[WhiteTeam "Hoechstadt SC U20"]
[BlackTeam "Neumarkt U20"]
[WhiteTeamCountry "GER"]
[BlackTeamCountry "GER"]

1. e4 d6 2. d4 Nf6 3. Nc3 e5 4. dxe5 dxe5 5. Qxd8+ Kxd8 6. Bg5 Be6 7. 0-0-0+ Ke8 8. Nd5 Bxd5 9. Bxf6 gxf6 10. Rxd5 Nd7 11. g3 Nc5 12. Bg2 c6 13. Rd1 h5 14. Ne2 Bh6+ 15. Kb1 a5 16. f4 b5 17. Rd6 Ne6 18. fxe5 fxe5 19. Rxc6 Ke7 20. Rc3 Rad8 21. Bh3 Rd2 22. Bxe6 Rhd8 23. Bd5 Rxe2 24. Rc7+ Rd7 25. Rc5 b4 26. h3 Be3 27. Rxa5 Rc7 28. Bb3 Bd4 29. Rf1 f6 30. Ra6 Bf2 31. a4 bxa3 32. bxa3 Bxg3 33. Raxf6 Rxe4 34. Rf7+ Kd8 35. Rd1+ Kc8 36. Rf8+ Kb7 37. Bd5+ Kb6 38. Bxe4 Rc4 39. Rf6+ Kc7 40. Bf5 1-0

[Event "Oberfranken-ch"]
[Site "Schney"]
[Date "2018.01.04"]
[Round "4"]
[White "Rahn, Manfred"]
[Black "Pfann, Elias"]
[Result "1-0"]
[WhiteElo "1750"]
[BlackElo "1440"]
[PlyCount "85"]
[EventDate "2018.01.03"]
[EventType "swiss"]
[EventRounds "7"]
[EventCountry "GER"]
[SourceTitle "CBM 182 Extra"]
[Source "ChessBase"]
[SourceDate "2018.02.23"]
[SourceVersion "1"]
[SourceVersionDate "2018.02.23"]
[SourceQuality "1"]

1. d4 Nf6 2. Nf3 d5 3. Bf4 Bf5 4. c3 e6 5. e3 Nbd7 6. Bd3 Bg6 7. Qe2 c5 8. Nbd2 Bxd3 9. Qxd3 c4 10. Qe2 b5 11. a3 a5 12. 0-0 Qb6 13. e4 Qb7 14. e5 Nh5 15. Bg3 Nxg3 16. fxg3 Be7 17. h4 a4 18. Ng5 Bxg5 19. hxg5 Nf8 20. Rf2 0-0-0 21. Raf1 Rd7 22. Rf3 Ng6 23. Qf2 Rf8 24. g4 Qc7 25. Rh3 Rh8 26. g3 Qd8 27. Nf3 Kb7 28. Qh2 Nf8 29. Qd2 Ka6 30. g6 Nxg6 31. Ng5 Qc7 32. Rxh7 Rxh7 33. Nxh7 Qd8 34. Ng5 Nh8 35. Nh3 f6 36. exf6 gxf6 37. Qh6 Rf7 38. g5 Qb8 39. Kg2 Qg8 40. Rxf6 Re7 41. Nf4 Nf7 42. Rxe6+ Rxe6 43. Qxe6+ 1-0

[Event "Oberfranken-ch U18"]
[Site "Schney"]
[Date "2017.01.03"]
[Round "1"]
[White "Moenius, Oliver"]
[Black "Pfann, Elias"]
[Result "1-0"]
[WhiteElo "1796"]
[BlackElo "1505"]
[PlyCount "55"]
[EventDate "2017.01.03"]
[EventType "tourn"]
[EventRounds "7"]
[EventCountry "GER"]
[SourceTitle "EXT 2019"]
[Source "ChessBase"]
[SourceDate "2018.10.10"]
[SourceVersion "1"]
[SourceVersionDate "2018.10.10"]
[SourceQuality "1"]

1. e4 e5 2. f4 exf4 3. Nf3 d5 4. exd5 Qxd5 5. Nc3 Qa5 6. d4 Bb4 7. Bd2 Bg4 8. Bc4 Ne7 9. a3 Bxc3 10. Bxc3 Qf5 11. Qe2 Nd7 12. 0-0-0 Kf8 13. Bb4 Re8 14. Rde1 Qf6 15. Qe4 Nb6 16. Ba2 c6 17. Rhf1 Be6 18. Bxe6 fxe6 19. Ne5 g5 20. g3 Qf5 21. gxf4 g4 22. Qg2 Nbd5 23. Nd7+ Kf7 24. Re5 Qg6 25. Rxd5 Nxd5 26. Ne5+ Kf6 27. Nxg6 Ne3 28. Qf2 1-0

[Event "Oberfranken-ch U18"]
[Site "Schney"]
[Date "2017.01.03"]
[Round "2"]
[White "Yigit, Furkan"]
[Black "Pfann, Elias"]
[Result "0-1"]
[WhiteElo "1141"]
[BlackElo "1505"]
[PlyCount "58"]
[EventDate "2017.01.03"]
[EventType "tourn"]
[EventRounds "7"]
[EventCountry "GER"]
[SourceTitle "EXT 2019"]
[Source "ChessBase"]
[SourceDate "2018.10.10"]
[SourceVersion "1"]
[SourceVersionDate "2018.10.10"]
[SourceQuality "1"]

1. e4 e5 2. Nf3 Nc6 3. Bc4 Bc5 4. Nc3 d6 5. h3 Nf6 6. d3 Be6 7. Bg5 h6 8. Bh4 g5 9. Bg3 Qe7 10. Nd5 Bxd5 11. Bxd5 Nxd5 12. exd5 Nd4 13. 0-0 0-0-0 14. c3 Nxf3+ 15. Qxf3 Rdf8 16. b4 Bb6 17. Rfe1 f5 18. Qd1 f4 19. Bh2 h5 20. a4 a6 21. d4 Rfg8 22. Qd3 Qf6 23. dxe5 dxe5 24. Qe4 Re8 25. c4 g4 26. c5 Ba7 27. hxg4 hxg4 28. g3 Qh6 29. Qh1 f3 0-1

[Event "Bayernliga U20 1617"]
[Site "Bayern"]
[Date "2016.11.12"]
[Round "1.4"]
[White "Pfann, Elias"]
[Black "Kocak, Ediz"]
[Result "0-1"]
[WhiteElo "1484"]
[BlackElo "1773"]
[PlyCount "88"]
[EventDate "2016.11.12"]
[EventType "team-tourn"]
[EventRounds "7"]
[EventCountry "GER"]
[SourceTitle "EXT 2022"]
[Source "ChessBase"]
[SourceDate "2021.10.06"]
[SourceVersion "1"]
[SourceVersionDate "2021.10.06"]
[SourceQuality "1"]
[WhiteTeam "Hoechstadt SC U20"]
[BlackTeam "Nuernberg Sued SW U20"]
[WhiteTeamCountry "GER"]
[BlackTeamCountry "GER"]

1. e4 c6 2. Bc4 d5 3. exd5 cxd5 4. Bb3 Nc6 5. d4 Nf6 6. Bg5 Ne4 7. Be3 Bf5 8. Qf3 e6 9. Ne2 Bd6 10. Ng3 Bg6 11. 0-0 0-0 12. c3 b5 13. Nd2 Nxd2 14. Bxd2 Qc7 15. a4 b4 16. Rfc1 Qb6 17. Bc2 Bxc2 18. Rxc2 Rfc8 19. Rcc1 bxc3 20. bxc3 Bxg3 21. Qxg3 Ne7 22. Rcb1 Qc7 23. Qxc7 Rxc7 24. Rb4 Nc8 25. Rab1 Nb6 26. a5 Nc4 27. Rb8+ Rc8 28. Bf4 Rcxb8 29. Rxb8+ Rxb8 30. Bxb8 a6 31. Bc7 Kf8 32. Kf1 Ke8 33. Ke2 Kd7 34. Bb6 Kc6 35. Kd1 Nxb6 36. axb6 Kxb6 37. Kc2 Kb5 38. Kb3 g5 39. g4 f6 40. f3 h6 41. h3 a5 42. Kb2 Kc4 43. Kc2 a4 44. Kb2 a3+ 0-1

[Event "Regionalliga NW 1516"]
[Site "Bayern"]
[Date "2016.04.10"]
[Round "9.8"]
[White "Link, Klaus"]
[Black "Pfann, Elias"]
[Result "1-0"]
[WhiteElo "1932"]
[BlackElo "1461"]
[PlyCount "65"]
[EventDate "2015.10.11"]
[EventType "team-tourn"]
[EventRounds "9"]
[EventCountry "GER"]
[SourceTitle "EXT 2018"]
[Source "ChessBase"]
[SourceDate "2017.10.13"]
[SourceVersion "1"]
[SourceVersionDate "2017.10.13"]
[SourceQuality "1"]
[WhiteTeam "Klingenberg"]
[BlackTeam "Hoechstadt/Aisch"]
[WhiteTeamCountry "GER"]
[BlackTeamCountry "GER"]

1. e4 e5 2. Nf3 Nc6 3. Bb5 Bc5 4. 0-0 d6 5. c3 a6 6. Bxc6+ bxc6 7. d4 exd4 8. cxd4 Bb6 9. Bg5 f6 10. Be3 Bb7 11. Nbd2 Ne7 12. Qb3 d5 13. e5 0-0 14. exf6 Rxf6 15. Bg5 Nf5 16. Ne4 Kh8 17. Nxf6 gxf6 18. Ne5 Nxd4 19. Qh3 Bc8 20. Nf7+ Kg7 21. Qh6+ Kxf7 22. Qxh7+ Ke6 23. Rfe1+ Kd6 24. Bf4+ Kc5 25. Qd3 Ba5 26. b4+ Bxb4 27. Rec1+ Kb6 28. Qxd4+ c5 29. Qb2 Ka7 30. a3 Ba5 31. Rxc5 Bb6 32. Qc1 Kb8 33. Rb1 1-0

[Event "Bayernliga U20 1516"]
[Site "Bayern"]
[Date "2015.12.19"]
[Round "3.5"]
[White "Pfann, Elias"]
[Black "Wegmann, Sven"]
[Result "0-1"]
[WhiteElo "1461"]
[BlackElo "1666"]
[PlyCount "74"]
[EventDate "2015.11.21"]
[EventType "team-tourn"]
[EventRounds "7"]
[EventCountry "GER"]
[SourceTitle "EXT 2022"]
[Source "ChessBase"]
[SourceDate "2021.10.06"]
[SourceVersion "1"]
[SourceVersionDate "2021.10.06"]
[SourceQuality "1"]
[WhiteTeam "Hoechstadt SC U20"]
[BlackTeam "Erlangen SC U20"]
[WhiteTeamCountry "GER"]
[BlackTeamCountry "GER"]

1. Nf3 d5 2. d4 e6 3. Bf4 c5 4. Nc3 Nf6 5. e3 Bd7 6. Nb5 Bxb5 7. Bxb5+ Nbd7 8. 0-0 cxd4 9. Qxd4 Be7 10. Ne5 0-0 11. Nxd7 Nxd7 12. Bxd7 Qxd7 13. Bg3 Rfc8 14. c3 Qb5 15. b4 Bf6 16. Be5 Rc4 17. Bxf6 Rxd4 18. Bxd4 f6 19. a4 Qc4 20. f4 Qc7 21. a5 e5 22. Bc5 Rc8 23. a6 b6 24. Bxb6 Qxb6 25. fxe5 Qxe3+ 26. Kh1 fxe5 27. Rad1 Rf8 28. Rfe1 Qxc3 29. h3 Qc4 30. Rc1 Qxa6 31. Ra1 Qb5 32. Reb1 Rf6 33. Ra5 Rf1+ 34. Rxf1 Qxf1+ 35. Kh2 Qf4+ 36. Kg1 Qd4+ 37. Kh2 e4 0-1

[Event "Oberfranken-ch U16"]
[Site "Schney"]
[Date "2015.01.05"]
[Round "5"]
[White "Kleinschmidt, Thomas"]
[Black "Pfann, Elias"]
[Result "1/2-1/2"]
[WhiteElo "1306"]
[BlackElo "1232"]
[PlyCount "58"]
[EventDate "2015.01.03"]
[EventType "swiss"]
[EventRounds "7"]
[EventCountry "GER"]
[SourceTitle "CBM 164 Extra"]
[Source "ChessBase"]
[SourceDate "2015.03.02"]
[SourceVersion "1"]
[SourceVersionDate "2015.03.02"]
[SourceQuality "1"]

1. d4 d5 2. c4 Nf6 3. cxd5 Qxd5 4. Nc3 Qa5 5. Nf3 e6 6. e3 Bb4 7. Bd2 Nd5 8. Nxd5 Bxd2+ 9. Qxd2 Qxd2+ 10. Nxd2 exd5 11. Bd3 b6 12. 0-0 0-0 13. e4 c6 14. Rac1 Bb7 15. e5 f6 16. Nf3 a5 17. Rfe1 Na6 18. a3 Rac8 19. b3 c5 20. e6 Rfe8 21. dxc5 Nxc5 22. Bb5 Re7 23. Nd4 Nxe6 24. Nc6 Bxc6 25. Rxc6 Rxc6 26. Bxc6 d4 27. Bd5 Kf7 28. f4 f5 29. Rd1 Rd7 1/2-1/2

[Event "Oberfranken-ch U16"]
[Site "Schney"]
[Date "2015.01.04"]
[Round "4"]
[White "Pfann, Elias"]
[Black "Groemer, Simon"]
[Result "1/2-1/2"]
[WhiteElo "1232"]
[BlackElo "1300"]
[PlyCount "60"]
[EventDate "2015.01.03"]
[EventType "swiss"]
[EventRounds "7"]
[EventCountry "GER"]
[SourceTitle "CBM 164 Extra"]
[Source "ChessBase"]
[SourceDate "2015.03.02"]
[SourceVersion "1"]
[SourceVersionDate "2015.03.02"]
[SourceQuality "1"]

1. e4 e5 2. Bc4 Nf6 3. Nf3 Nc6 4. Nc3 Bc5 5. d3 h6 6. 0-0 d6 7. h3 0-0 8. Be3 Bb6 9. Qd2 Bxe3 10. Qxe3 Be6 11. Bb3 Qd7 12. Bxe6 Qxe6 13. Nb5 Qd7 14. c4 a6 15. Nc3 Rad8 16. a3 Rfe8 17. b4 Ra8 18. Rfd1 b6 19. c5 dxc5 20. bxc5 b5 21. Nh4 Qd4 22. Ne2 Qxe3 23. fxe3 g6 24. Ng3 b4 25. Rdb1 bxa3 26. Rxa3 Nd7 27. Rc1 a5 28. Nf3 Kg7 29. d4 exd4 30. exd4 Ra6 1/2-1/2

[Event "Landesliga U20 Nord 1415"]
[Site "Bayern"]
[Date "2014.11.15"]
[Round "1.3"]
[White "Pfann, Elias"]
[Black "Chen, Jiuli"]
[Result "0-1"]
[WhiteElo "1461"]
[BlackElo "1669"]
[PlyCount "80"]
[EventDate "2014.11.15"]
[EventType "team-tourn"]
[EventRounds "7"]
[EventCountry "GER"]
[SourceTitle "EXT 2022"]
[Source "ChessBase"]
[SourceDate "2021.10.06"]
[SourceVersion "1"]
[SourceVersionDate "2021.10.06"]
[SourceQuality "1"]
[WhiteTeam "Hoechstadt SC U20"]
[BlackTeam "Wuerzburg U20"]
[WhiteTeamCountry "GER"]
[BlackTeamCountry "GER"]

1. e4 c5 2. Bc4 e6 3. Nc3 a6 4. a4 b6 5. b3 Bb7 6. Bb2 Nf6 7. f3 d5 8. exd5 exd5 9. Qe2+ Be7 10. Bd3 0-0 11. Nh3 Re8 12. 0-0 c4 13. Nf2 Bc5 14. Qd1 cxd3 15. cxd3 Nc6 16. Ne2 Bxf2+ 17. Rxf2 Nb4 18. Nc1 d4 19. Ba3 a5 20. Bxb4 axb4 21. Re2 Qc7 22. Rxe8+ Rxe8 23. Ne2 Nd5 24. Rc1 Qe5 25. Ng3 Nf4 26. Qf1 Ba6 27. Qd1 Nxd3 28. Rb1 Nf4 29. Rc1 Ne2+ 30. Nxe2 Bxe2 31. Qe1 d3 32. h3 Qb2 33. Rb1 Qc2 34. Rc1 Qxb3 35. Rc6 Rb8 36. Qc1 h6 37. Rc8+ Rxc8 38. Qxc8+ Kh7 39. Qf5+ g6 40. Qxf7+ Qxf7 0-1

[Event "Bayernliga U20 1314"]
[Site "Bayern"]
[Date "2013.11.30"]
[Round "2.5"]
[White "Hilger, Sebastian"]
[Black "Pfann, Elias"]
[Result "1-0"]
[WhiteElo "1395"]
[BlackElo "1461"]
[PlyCount "29"]
[EventDate "2013.11.16"]
[EventType "team-tourn"]
[EventRounds "7"]
[EventCountry "GER"]
[SourceTitle "EXT 2022"]
[Source "ChessBase"]
[SourceDate "2021.10.06"]
[SourceVersion "1"]
[SourceVersionDate "2021.10.06"]
[SourceQuality "1"]
[WhiteTeam "Vaterstetten SC U20"]
[BlackTeam "Hoechstadt SC U20"]
[WhiteTeamCountry "GER"]
[BlackTeamCountry "GER"]

1. e4 e5 2. Nf3 Nc6 3. Nc3 Bc5 4. Bb5 Nge7 5. d3 0-0 6. Nh4 d6 7. f4 f5 8. Bc4+ Kh8 9. Nd5 Nxd5 10. exd5 Qxh4+ 11. g3 Qe7 12. dxc6 exf4+ 13. Kf1 fxg3 14. hxg3 bxc6 15. Rxh7+ 1-0

[Event "Bayernliga U20 1314"]
[Site "Bayern"]
[Date "2013.11.16"]
[Round "1.4"]
[White "Pfann, Elias"]
[Black "Wagner, Robert"]
[Result "1/2-1/2"]
[WhiteElo "1461"]
[BlackElo "1993"]
[PlyCount "95"]
[EventDate "2013.11.16"]
[EventType "team-tourn"]
[EventRounds "7"]
[EventCountry "GER"]
[SourceTitle "EXT 2022"]
[Source "ChessBase"]
[SourceDate "2021.10.06"]
[SourceVersion "1"]
[SourceVersionDate "2021.10.06"]
[SourceQuality "1"]
[WhiteTeam "Hoechstadt SC U20"]
[BlackTeam "Forchheim SC U20"]
[WhiteTeamCountry "GER"]
[BlackTeamCountry "GER"]

1. e4 c5 2. Nf3 d6 3. c4 e5 4. d3 f5 5. Nc3 Be7 6. g3 Nf6 7. Bg5 0-0 8. Bg2 Nc6 9. 0-0 Be6 10. exf5 Bxf5 11. Nh4 Be6 12. Bxc6 bxc6 13. f3 Qb6 14. b3 Rae8 15. g4 Qd8 16. Ng2 h6 17. Bh4 d5 18. Ne2 Nh7 19. Bxe7 Qxe7 20. h3 Ng5 21. Ng3 Nxh3+ 22. Kh2 Nf4 23. Qd2 Qd8 24. Rad1 Qd6 25. Ne2 Nxg2 26. Kxg2 Rd8 27. Qe3 Bf7 28. f4 exf4 29. Qxf4 Qxf4 30. Rxf4 Be6 31. Rdf1 Rxf4 32. Rxf4 dxc4 33. dxc4 Rd2 34. Kf3 Rxa2 35. Re4 Bf7 36. Nf4 Rb2 37. Re3 g6 38. Ne6 Bxe6 39. Rxe6 Rxb3+ 40. Kf4 Rc3 41. Rxg6+ Kh7 42. Rxc6 Rxc4+ 43. Kg3 a5 44. Kh4 a4 45. Kh5 Kg7 46. Rg6+ Kf7 47. Rxh6 Rc3 48. Rh7+ 1/2-1/2

[Event "Oberfranken-ch U14 1213"]
[Site "Schney"]
[Date "2013.01.03"]
[Round "7"]
[White "Pfann, Elias"]
[Black "Birkner, Luise"]
[Result "1/2-1/2"]
[WhiteElo "1030"]
[BlackElo "1065"]
[PlyCount "44"]
[EventDate "2013.01.03"]
[EventType "swiss"]
[EventRounds "7"]
[EventCountry "GER"]
[SourceTitle "EXT 2015"]
[Source "ChessBase"]
[SourceDate "2014.11.20"]
[SourceVersion "1"]
[SourceVersionDate "2014.11.20"]
[SourceQuality "1"]

1. e4 e6 2. Nf3 d5 3. e5 Nc6 4. Bb5 Bd7 5. d4 a6 6. Bxc6 Bxc6 7. 0-0 Ne7 8. Bg5 h6 9. Be3 Nf5 10. Re1 Be7 11. Nc3 0-0 12. a4 Qd7 13. Bd2 Rab8 14. b3 a5 15. Nb5 Ra8 16. Qe2 Bxb5 17. axb5 b6 18. c3 c5 19. Qd3 Rfc8 20. Ra4 Qb7 21. g3 Qd7 22. Rea1 Ra7 1/2-1/2

[Event "Oberfranken-ch U14 1213"]
[Site "Schney"]
[Date "2013.01.03"]
[Round "3"]
[White "Pfann, Elias"]
[Black "Hertel, Timo"]
[Result "0-1"]
[WhiteElo "1030"]
[BlackElo "1388"]
[PlyCount "86"]
[EventDate "2013.01.03"]
[EventType "swiss"]
[EventRounds "7"]
[EventCountry "GER"]
[SourceTitle "EXT 2015"]
[Source "ChessBase"]
[SourceDate "2014.11.20"]
[SourceVersion "1"]
[SourceVersionDate "2014.11.20"]
[SourceQuality "1"]

1. e4 e6 2. Nf3 d5 3. e5 c5 4. d4 Nc6 5. Be3 Qb6 6. b3 Nh6 7. Be2 Nf5 8. c3 cxd4 9. Bxd4 Nfxd4 10. Nxd4 Nxd4 11. Qxd4 Qxd4 12. cxd4 Bb4+ 13. Nd2 Bxd2+ 14. Kxd2 0-0 15. Bd3 Bd7 16. h4 f6 17. exf6 Rxf6 18. f3 Be8 19. Ke2 Bg6 20. Bxg6 Rxg6 21. g4 Rf6 22. g5 Rf7 23. Raf1 Rc8 24. Kd2 Rfc7 25. Rc1 Rxc1 26. Rxc1 Rxc1 27. Kxc1 Kf7 28. Kd2 Kg6 29. Ke3 Kf5 30. f4 Kg4 31. a4 Kxh4 32. Kf3 a5 33. Ke3 Kg4 34. g6 h5 35. Kf2 Kxf4 36. Kg2 Kg5 37. Kg3 Kxg6 38. Kf4 Kf6 39. Kg3 g5 40. Kg2 Kf5 41. Kh3 g4+ 42. Kh4 Ke4 43. Kxh5 g3 0-1